000 00312nam a22001337a 4500
008 171031b xxu||||| |||| 00| 0 eng d
020 _a0256018189
041 _aeng
080 _a33
100 _a59
101 _aBUS
245 _aBUSINESS COMMUNICATION THEORY AND APPLICATION
_cLESIKAR,R.V
942 _2udc
_cBK
999 _c36923
_d36923